Fabulandia : (Record no. 20949)

000 -CABECERA
fixed length control field 00657nam a22002297a 4500
003 - IDENTIFICADOR DEL NÚMERO DE CONTROL
control field AR-CdUCM
008 - DATOS DE LONGITUD FIJA--INFORMACIÓN GENERAL
fixed length control field 190610b ||||| |||| 00| 0 spa d
040 ## - FUENTE DE LA CATALOGACIÓN
Agencia/entidad que catalogó originalmente la obra MUNICIPALIDAD PROVINCIAL DEL CUSCO
Entidad que transcribió la catalogación BIBLIOTECA MUNICIPAL DEL CUSCO
082 ## - NÚMERO DE LA CLASIFICACIÓN DECIMAL DEWEY
No. de Clasificación 805 /
Notacion interna EN56
110 ## - ENTRADA PRINCIPAL--NOMBRE DE ENTIDAD CORPORATIVA
Nombre de la institución, jurisdicción como entrada principal Fabbri S.R.L.
9 (RLIN) 43711
245 ## - MENCIÓN DE TÍTULO
Título Fabulandia :
Resto del título Enciclopedia de Fabula /
260 ## - PUBLICACIÓN, DISTRIBUCIÓN, ETC.
Lugar de publicación, distribución, etc. Argentina :
Nombre de la editorial, distribuidor, etc. Codex S.A.,
Fecha de publicación, distribución, etc. 1963.
300 ## - DESCRIPCIÓN FÍSICA
Otros detalles físicos Ilusrtraciones,
Dimensiones 32 cm.
440 ## - MENCIÓN DE SERIE/PUNTO DE ACCESO ADICIONAL--TÍTULO
Título Fabulandia --
Número de la parte/sección de una obra 1
9 (RLIN) 43712
505 ## - NOTA DE CONTENIDO CON FORMATO
Nota de contenido formateada Contenido:
650 ## - PUNTO DE ACCESO ADICIONAL DE MATERIA--TÉRMINO DE MATERIA
Descriptor Cuentos
9 (RLIN) 217
650 ## - PUNTO DE ACCESO ADICIONAL DE MATERIA--TÉRMINO DE MATERIA
Descriptor Fabulas
9 (RLIN) 4606
650 ## - PUNTO DE ACCESO ADICIONAL DE MATERIA--TÉRMINO DE MATERIA
Descriptor Siglo XX
9 (RLIN) 8
942 ## - ELEMENTOS DE PUNTO DE ACCESO ADICIONAL (KOHA)
Fuente de clasificación
Tipo de item Libros-BMC
945 ## - PROCESAMIENTO DE INFORMACIÓN LOCAL (OCLC)
Catalogador Javier
Holdings
Estado de retiro (separado) Fuente de clasificación o esquema de estanterías Estado dañado Ubicación Sala donde se ubica Nombre de la colección Fecha de adquisición o compra Costo, precio normal en soles Signatura topográfica Código de Barras Última vez visto (Koha) Tipo de ítem (Koha)
No     Sala de Infantes Sala de Infantes Children's Area 2019-06-10 90.00 805 / EN56 / t.1 / v.1 SI00004565 2019-06-10 Libros-BMC
No     Sala de Infantes Sala de Infantes Children's Area 2019-06-10 15.00 805 / EN56 / t.1 / v.2 SI00004566 2019-06-10 Libros-BMC
No     Sala de Infantes Sala de Infantes Children's Area 2019-06-10 15.00 805 / EN56 / t.1 / v.3 SI00004567 2019-06-10 Libros-BMC
No     Sala de Infantes Sala de Infantes Children's Area 2019-06-10 90.00 805 / EN56 / t.1 / v.4 SI00004568 2019-06-10 Libros-BMC
No     Sala de Infantes Sala de Infantes Children's Area 2019-06-10 15.00 805 / EN56 / t.1 / v.5 SI00004569 2019-06-10 Libros-BMC
No     Sala de Infantes Sala de Infantes Children's Area 2019-06-10 15.00 805 / EN56 / t.1 / v.7 SI00004570 2019-06-10 Libros-BMC
No     Sala de Infantes Sala de Infantes Children's Area 2019-06-10 15.00 805 / EN56 / t.1 / v.8 SI00004571 2019-06-10 Libros-BMC
No     Sala de Infantes Sala de Infantes Children's Area 2019-06-10 15.00 805 / EN56 / t.1 / v.9 SI00004572 2019-06-10 Libros-BMC
No     Sala de Infantes Sala de Infantes Children's Area 2019-06-10 15.00 805 / EN56 / t.1 / v.10 SI00004574 2019-06-10 Libros-BMC
No     Sala de Infantes Sala de Infantes Children's Area 2019-06-10 15.00 805 / EN56 / t.1 / v.11 SI00004573 2019-06-10 Libros-BMC
No     Sala de Infantes Sala de Infantes Children's Area 2019-06-10 15.00 805 / EN56 / t.1 / v.14 SI00004576 2019-06-10 Libros-BMC
No     Sala de Infantes Sala de Infantes Children's Area 2019-06-10 15.00 805 / EN56 / t.1 / v.12 SI00004575 2019-06-10 Libros-BMC

Powered by Koha